<?xml version="1.0" encoding="UTF-8"?>
<record
    xmlns:xsi="http://www.w3.org/2001/XMLSchema-instance"
    xsi:schemaLocation="http://www.loc.gov/MARC21/slim http://www.loc.gov/standards/marcxml/schema/MARC21slim.xsd"
    xmlns="http://www.loc.gov/MARC21/slim">

  <leader>04851nam a2200541Ia 4500</leader>
  <controlfield tag="001">6351</controlfield>
  <controlfield tag="008">241029s9999    xx            000 0 und d</controlfield>
  <datafield tag="010" ind1=" " ind2=" ">
    <subfield code="a">5986</subfield>
  </datafield>
  <datafield tag="041" ind1=" " ind2=" ">
    <subfield code="a">Espa&#xF1;ol</subfield>
  </datafield>
  <datafield tag="082" ind1=" " ind2=" ">
    <subfield code="a">NO APLICA</subfield>
  </datafield>
  <datafield tag="245" ind1=" " ind2="0">
    <subfield code="a">Formaci&#xF3;n Acad&#xE9;mica del Profesor de Educaci&#xF3;n F&#xED;sica y su Impacto en la Ense&#xF1;anza. Escuela Parroquial San Juan Bosco. Barahona. 2018.</subfield>
  </datafield>
  <datafield tag="260" ind1=" " ind2=" ">
    <subfield code="a">Barahona</subfield>
  </datafield>
  <datafield tag="300" ind1=" " ind2=" ">
    <subfield code="a">79</subfield>
  </datafield>
  <datafield tag="520" ind1=" " ind2=" ">
    <subfield code="a">80</subfield>
  </datafield>
  <datafield tag="630" ind1=" " ind2=" ">
    <subfield code="a">Educaci&#xF3;n F&#xED;sica</subfield>
  </datafield>
  <datafield tag="630" ind1=" " ind2=" ">
    <subfield code="a">Formaci&#xF3;n</subfield>
  </datafield>
  <datafield tag="630" ind1=" " ind2=" ">
    <subfield code="a">Formaci&#xF3;n Profesional de Maestros</subfield>
  </datafield>
  <datafield tag="650" ind1=" " ind2=" ">
    <subfield code="a">Educaci&#xF3;n F&#xED;sica</subfield>
  </datafield>
  <datafield tag="690" ind1=" " ind2=" ">
    <subfield code="a">Elaborado</subfield>
  </datafield>
  <datafield tag="700" ind1=" " ind2=" ">
    <subfield code="e">asesor</subfield>
    <subfield code="a">Ram&#xED;rez , Julia </subfield>
  </datafield>
  <datafield tag="700" ind1=" " ind2=" ">
    <subfield code="e">autor</subfield>
    <subfield code="a"> P&#xE9;rez, Pedro</subfield>
  </datafield>
  <datafield tag="901" ind1=" " ind2=" ">
    <subfield code="a">{"1":" P&#xE9;rez"}</subfield>
    <subfield code="b">{"1":"Pedro"}</subfield>
  </datafield>
  <datafield tag="902" ind1=" " ind2=" ">
    <subfield code="a">1</subfield>
  </datafield>
  <datafield tag="903" ind1=" " ind2=" ">
    <subfield code="a">{"1":"Ram&#xED;rez "}</subfield>
    <subfield code="b">{"1":"Julia "}</subfield>
  </datafield>
  <datafield tag="904" ind1=" " ind2=" ">
    <subfield code="a">Maestr&#xED;a en</subfield>
  </datafield>
  <datafield tag="905" ind1=" " ind2=" ">
    <subfield code="a">Gesti&#xF3;n de Centros Educativos</subfield>
  </datafield>
  <datafield tag="906" ind1=" " ind2=" ">
    <subfield code="a">2</subfield>
  </datafield>
  <datafield tag="907" ind1=" " ind2=" ">
    <subfield code="a">NO APLICA</subfield>
  </datafield>
  <datafield tag="908" ind1=" " ind2=" ">
    <subfield code="a">NO APLICA</subfield>
  </datafield>
  <datafield tag="909" ind1=" " ind2=" ">
    <subfield code="a">Centro Universitario Regional del Suroeste, CURSO (UASD)</subfield>
  </datafield>
  <datafield tag="910" ind1=" " ind2=" ">
    <subfield code="a">NULL</subfield>
    <subfield code="b">NULL</subfield>
  </datafield>
  <datafield tag="911" ind1=" " ind2=" ">
    <subfield code="a">["1"]</subfield>
  </datafield>
  <datafield tag="912" ind1=" " ind2=" ">
    <subfield code="a">NO APLICA</subfield>
  </datafield>
  <datafield tag="913" ind1=" " ind2=" ">
    <subfield code="a">NULL</subfield>
  </datafield>
  <datafield tag="914" ind1=" " ind2=" ">
    <subfield code="a">03 de Septiembre de 2018</subfield>
  </datafield>
  <datafield tag="915" ind1=" " ind2=" ">
    <subfield code="a">27/10/19 12:10</subfield>
  </datafield>
  <datafield tag="916" ind1=" " ind2=" ">
    <subfield code="a">NULL</subfield>
  </datafield>
  <datafield tag="917" ind1=" " ind2=" ">
    <subfield code="a">NULL</subfield>
  </datafield>
  <datafield tag="918" ind1=" " ind2=" ">
    <subfield code="a">NO APLICA</subfield>
  </datafield>
  <datafield tag="919" ind1=" " ind2=" ">
    <subfield code="a">["295","200","109"]</subfield>
  </datafield>
  <datafield tag="520" ind1=" " ind2=" ">
    <subfield code="a">El prop&#xF3;sito de esta investigaci&#xF3;n fue determin?r el imp?cto ?e l? form?ci&#xF3;n ac??&#xE9;mic? ?el docente ?e e?uc?ci&#xF3;n f&#xED;sica en el proceso ?e ense&#xF1;?nz?. Dentro de sus objetivos espec&#xED;ficos se encontraron i?entific?r el imp?cto ?e l? e?uc?ci&#xF3;n f&#xED;sica? en el proceso ?e ense&#xF1;?nz?; an?liz?r l? rel?ci&#xF3;n ?el proceso ?e ense&#xF1;?nz? con el entorno ?e l? escuel?. La misma es de tipo descriptivo y de campo. Sus m&#xE9;todos fueron inductivo y deductivo. Para la recogida de las informaciones se utilizaron las t&#xE9;cnicas de observaci&#xF3;n directa, encuesta, entrevista y an&#xE1;lisis bibliogr&#xE1;fico. L? pobl?ci&#xF3;n investig??? const? ?e 6 person?s, l? cu?l est&#xE1; ?istribui?? por un? ?irector?, un? sub?irector?, un? coor?in??or?, un ?ocente ?el Primer Ciclo y un m?estro ?el Segun?o Ciclo, un ?ocente ?el Primer Ciclo ?ocente y el ?ocente ?e E?uc?ci&#xF3;n F&#xED;sica.&#xA0;Dentro de las conclusiones presentadas se encontraron que el 80% ?e los ?ocentes tiene un ?desenvolvimiento regul?r en el proceso ?e l? ense&#xF1;?nz?. El 100%, el ?ocente con rel?ci&#xF3;n ? su form?ci&#xF3;n ?c??&#xE9;mic? no h? inci?i?o en el proceso ?e ense&#xF1;?nz? en los ?spectos t?les como orient?ciones pr&#xE1;ctic?s y tecnol&#xF3;gicas, experienci?s profesion?les, c?li??? e?uc?tiv?; el 80% en l? ?in?miz?ci&#xF3;n ?e los procesos, ?provech?miento ?el tiempo, el 60% en el ?ominio ?e los conteni?os, ?es?rrollo ?e competenci?s, pr&#xE1;ctic?s pe??g&#xF3;gic?s, ?esempe&#xF1;o ?ocente, mejores conocimientos. El 80% ?e los integr?ntes ?el Equipo ?e Gesti&#xF3;n expreso que l?s con?iciones ?el Centro E?uc?tivo p?r? imp?rtir l? e?uc?ci&#xF3;n f&#xED;sica son regul?res. Me?i?nte l? observ?ci&#xF3;n ?irect? se pu?o ver que el centro no cuent? con un? c?nch? ?deportiva?, lo que inci?e neg?tiv?mente en el ?es?rrollo ?e l?s pr&#xE1;ctic?s ?eportiv?s ?e e?uc?ci&#xF3;n f&#xED;sic?.Como recomendaciones este estudio sugiri&#xF3;&#xA0; a la Direcci&#xF3;n Escolar del Centro Educativo, gestionar a trav&#xE9;s del Ministerio ?e E?uc?ci&#xF3;n ?e l? Republic? Dominic?n? (MINERD) crear, implement?r y supervis?r progr?m?s ?e c?p?cit?ci&#xF3;n y ?ctu?liz?ci&#xF3;n perm?nentes y oblig?tori?s p?r? los ?ocentes ?el &#xE1;re? ?e E?uc?ci&#xF3;n F&#xED;sic? y ?e m?ner? especi?l ? los e?uc??ores ?e l? Escuel? P?rroqui?l San Juan Bosco, con el fin ?e impuls?r un? buen? form?ci&#xF3;n profesion?l que permit? el ?es?rrollo eficiente ?el proceso ?e ense&#xF1;?nz?, ?e m?ner? que este compense l?s necesi???es e?uc?tiv?s ?ctu?les. Adem&#xE1;s que haga posible que el Distrito Escolar 03, Barahona&#xA0; realice&#xA0; un lev?nt?miento ? tr?v&#xE9;s ?e los t&#xE9;cnicos ?sign??os en el &#xE1;re? ?e E?uc?ci&#xF3;n F&#xED;sic?, sobre l?s ?ebili???es&#xA0; existentes ?e l? Escuel? P?rroqui?l San Juan Bosco, p?r? ?e est? form? busc?r&#xA0; soluciones en procur? ?e mejor?r l?s con?iciones ?e l?s zon?s ?fect??? ?e m?ner? que se pue?? ofrecer un? ense&#xF1;?nz? ?e c?li???. Nombr?r ?ocentes ?e form?ci&#xF3;n profesion?l en el &#xE1;re? ?e e?uc?ci&#xF3;n f&#xED;sic?, con el fin ?e cumplir con los objetivos propuestos por el sistem? e?uc?tivo ?ominic?no. Al Docente ?e E?uc?ci&#xF3;n F&#xED;sic? c?p?cit?rse y ?ctu?liz?rse profesion?lmente en el &#xE1;re? ?e E?uc?ci&#xF3;n F&#xED;sic?, con el prop&#xF3;sito ?e brin??r un? ense&#xF1;?nz? ?e c?li??? ?just??? ? l?s exigenci?s e?uc?tiv?s ?e los nuevos tiempos. Cre?r estr?tegi?s ?e ense&#xF1;?nz?s (tr?b?jo en grupo, ?escubrimientos gui??os, resoluci&#xF3;n ?e problem?s, ense&#xF1;?nz? rec&#xED;proc?, etc.) ?e m?ner? que los prop&#xF3;sitos est&#xE9;n cl?r?mente ?efini?os, p?r? ?es?rroll?r l?s h?bili???es, ?estrez?s y competenci?s en el &#xE1;re? ?e l? E?uc?ci&#xF3;n F&#xED;sic?.&#xA0;</subfield>
  </datafield>
  <datafield tag="921" ind1=" " ind2=" ">
    <subfield code="a">78</subfield>
  </datafield>
  <datafield tag="922" ind1=" " ind2=" ">
    <subfield code="a">78</subfield>
  </datafield>
  <datafield tag="923" ind1=" " ind2=" ">
    <subfield code="a">1</subfield>
  </datafield>
  <datafield tag="924" ind1=" " ind2=" ">
    <subfield code="a">NO APLICA</subfield>
  </datafield>
  <datafield tag="942" ind1=" " ind2=" ">
    <subfield code="c">Tesis</subfield>
  </datafield>
  <datafield tag="999" ind1=" " ind2=" ">
    <subfield code="c">5986</subfield>
    <subfield code="d">5986</subfield>
  </datafield>
</record>
